| 000 | 01404pam a2200385 a 4500 | ||
|---|---|---|---|
| 001 | 4507320 | ||
| 003 | LC | ||
| 005 | 20160314153836.0 | ||
| 008 | 980624s1999 nyu 000 1 eng | ||
| 010 | _a 98030043 | ||
| 020 | _a0385319576 | ||
| 020 | _a0385333889 (limited. ed.) | ||
| 020 | _a0385333331 (large print) | ||
| 040 |
_aDLC _cDLC _dOCoLC _dDLC |
||
| 043 | _an-us-ct | ||
| 050 | 0 | 0 |
_aPS 3569 .T33828 _b.St813b 2000 |
| 082 | 0 | 0 |
_aFIC _bSt3b 2000 |
| 100 | 1 |
_aSteel, Danielle. _919098 |
|
| 245 | 1 | 0 |
_aBittersweet / _cDanielle Steel. |
| 260 |
_aNew York, N.Y. : _bDelacorte Press, _cc2000. |
||
| 300 |
_a436p. : _c17 cm. |
||
| 650 | 0 |
_aMan-woman relationships _vFiction. _919542 |
|
| 650 | 0 |
_aPhotojournalists _vFiction. _919543 |
|
| 650 | 0 |
_aWomen journalists _vFiction. _919544 |
|
| 651 | 0 |
_aConnecticut _vFiction. _919545 |
|
| 655 | 7 |
_aDomestic fiction. _2lcsh _92796 |
|
| 856 | 4 | 2 |
_3Contributor biographical information _uhttp://www.loc.gov/catdir/bios/random058/98030043.html |
| 856 | 4 | 1 |
_3Sample text _uhttp://www.loc.gov/catdir/samples/random041/98030043.html |
| 856 | 4 | 2 |
_3Publisher description _uhttp://www.loc.gov/catdir/description/random041/98030043.html |
| 906 |
_a7 _bcbc _corignew _d1 _eocip _f19 _gy-gencatlg |
||
| 942 |
_2lcc _cBK |
||
| 999 |
_c11255 _d11255 |
||